Herbs, Spices and Cancer/ (Record no. 188716)

MARC details
000 -LEADER
fixed length control field 00574nam a22001817a 4500
005 - DATE AND TIME OF LATEST TRANSACTION
control field 20220602110503.0
010 ## - LCCN (DPL NO)
LC control number ENG-132936
020 ## - INTERNATIONAL STANDARD BOOK NUMBER
International Standard Book Number 9789388604260
Terms of availability 680.00
035 ## - SYSTEM CONTROL NUMBER
System control number EN-116468
037 ## - SOURCE OF ACQUISITION
Source of stock number/acquisition DBAD/PUB
082 ## - DEWEY DECIMAL CLASSIFICATION NUMBER
Classification number 616.994
100 ## - MAIN ENTRY--PERSONAL NAME
Personal name Ali, Afsar
245 ## - TITLE STATEMENT
Title Herbs, Spices and Cancer/
Statement of responsibility, etc Afsar Ali
260 ## - PUBLICATION, DISTRIBUTION, ETC. (IMPRINT)
Place of publication, distribution, etc New Delhi
Name of publisher, distributor, etc Ayushman Publication House
Date of publication, distribution, etc 2018
270 ## - ADDRESS
Address 352/D2 Ajit Bhawan Munirka Near J.N.U. Main Gate
City New Delhi
Postal code 110067
Electronic mail address ayushmanpuhouse@gmail.com
300 ## - PHYSICAL DESCRIPTION
Extent vii, 209p.
Dimensions 22cm(hbk)
942 ## - ADDED ENTRY ELEMENTS (KOHA)
Source of classification or shelving scheme Dewey Decimal Classification
Item type English Books
Classification part 616.994
Call number suffix ALI
Holdings
Withdrawn status Lost status Not for loan Collection code Home library Current library Date acquired Source of acquisition Cost, normal purchase price Full call number Barcode Copy number Cost, replacement price Koha item type
      Non-fiction Patel Nagar Patel Nagar 02/06/2022 DBAD/PUB 680.00 616.994 ALI EN-116468 1 680.00 English Books

© Delhi Public Library
Hit Counter
free hit counter